Aritmética infantil con sus fundamentos según el método objetivo / (Record no. 4412)

MARC details
000 -CABECERA
campo de control de longitud fija 00950nam a2200193 a 4500
005 - FECHA Y HORA DE LA ÚLTIMA TRANSACCIÓN
campo de control 20230524063537.0
008 - ELEMENTOS DE LONGITUD FIJA--INFORMACIÓN GENERAL
campo de control de longitud fija 991125s1912 mx 000 0 spa u
035 ## - NÚMERO DE CONTROL DEL SISTEMA
Número de control de sistema UPN01000004412
049 ## - COLECCIÓN
Colección CE
050 #4 - SIGNATURA TOPOGRÁFICA DE LA BIBLIOTECA DEL CONGRESO
Número de clasificación LB1589 M6
Número de documento/Ítem C6.2 1912
100 1# - ASIENTO PRINCIPAL--NOMBRE PERSONAL
Nombre de persona Contreras, Manuel María,
Fechas asociadas al nombre 1833-1902
9 (RLIN) 32726
245 10 - MENCIÓN DE TÍTULO
Título Aritmética infantil con sus fundamentos según el método objetivo /
Mención de responsabilidad, etc. por Manuel María Contreras.
250 ## - MENCIÓN DE EDICIÓN
Mención de edición 14a ed.
260 ## - PUBLICACIÓN, DISTRIBUCIÓN, ETC.
Lugar de publicación, distribución, etc. México :
Nombre del editor, distribuidor, etc. Murguía,
Fecha de publicación, distribución, etc. 1912.
300 ## - DESCRIPCIÓN FÍSICA
Extensión 105 p. :
Otras características físicas il.
500 ## - NOTA GENERAL
Nota general "Consta de una introducción, que contiene las nociones fundamentales explicadas por el método objetivo, y los procedimientos para ejecutar las primera operaciones con objetos y números y de un texto que trata del sistema de numeración y del cálculo de los números enteros, quebrados y decimales con sus respectivos cuestionarios y problemas"
650 #4 - ASIENTO SECUNDARIO DE MATERIA - TERMINO TEMATICO
Término de materia o nombre geográfico como elemento de entrada Aritmética
Subdivisión general Estudio y enseñanza (Elemental)
9 (RLIN) 5289
905 ## - TIPO DE MATERIAL
Tipo de material Libro
Holdings
Estado de retiro Estado de pérdida Fuente del sistema de clasificación o colocación Estado dañado No para préstamo Código de colección Localización permanente Ubicación/localización actual Ubicación en estantería Total de préstamos Clasificación Código de barras Fecha visto por última vez Número de copia Tipo de ítem Koha
    Library of Congress Classification   Coleccion Esp. Colección Especial Bib. Gregorio Torres Quintero Bib. Gregorio Torres Quintero Colección Especial   LB1589 M6 C6.2 1912 122109 31/12/2020 1 Libro